| 000 | 00770nam a2200229 i 4500 | ||
|---|---|---|---|
| 001 | 14747 | ||
| 003 | ES-MaACL | ||
| 005 | 20240418063055.0 | ||
| 007 | t| | ||
| 008 | 990531s1988 it ||||1| ita d | ||
| 080 | _a821.134.2-14"19" | ||
| 100 | 1 |
_aLentini, Javier, _d1929-1995 _971549 |
|
| 245 | 1 | 0 |
_aAntología poética / _cJavier Lentini ; testi scelti e tradotti da Emilio Coco. |
| 260 |
_aBari : _bLevante Editori, _c[1988] |
||
| 300 |
_a131 p. ; _c17 cm. |
||
| 490 | 1 |
_aI Quaderni di abanico ; _v2-3 |
|
| 500 | _aTexto bilingüe en italiano y castellano. | ||
| 700 | 1 |
_aCoco, Emilio. _939407 |
|
| 830 | 0 |
_aI Quaderni di abanico ; _v2-3 _9179662 |
|
| 852 |
_aES-MaACL _jL-21860 _bR.116204 _q. - Ded. autógr. del autor |
||
| 999 |
_c14747 _d14747 |
||